000 00634nam a22002057a 4500
003 OSt
005 20260502014458.0
008 260502b |||||||| |||| 00| 0 eng d
020 _a0-07-247101-8
040 _aDWCL-Main lib.
_cOC
082 _aCirc. 652.5 H978 2002
100 _aHutchinson, Sarah E.
245 _aMicrosoft word 2002
_b: brief/
_cSarah E. Hutchinson
260 _aBoston :
_b McGraw-Hll / irwin,
_c c2002
300 _axvii, 170 pages :
_b colored illustrations.
_c; 27 cm.
504 _aIncludes index
650 _a1. Microsoft word
650 _a2. Word processing
942 _2ddc
_cBK-CIRC
_hCirc.
_n0
999 _c10162
_d10162